| 000 | 00402nam a22001451a 4500 | ||
|---|---|---|---|
| 082 |
_a780.954 87 _bRAJ/H |
||
| 100 | _aRajagopalan N | ||
| 245 |
_aThe holistic garland: _bthe growth and contribution of classical carnatic music/ _cby Rajagopalan N |
||
| 260 |
_aMadras: _bCarnatic Classicals, _c2002. |
||
| 300 | _a472p. | ||
| 650 | _aCarnatic Music | ||
| 650 | _aMusic | ||
| 650 | _aArts | ||
| 942 | _cBK | ||
| 999 |
_c18549 _d18549 |
||